000 00572nam a2200193Ia 4500
003 GCL
008 140319s9999 xx 000 0 ara d
040 _aGCL /
_cGCL
082 0 4 _a370.15
_bح ا
100 1 _aحمدى على الفرماوى
245 1 0 _aالاساليب المعرفية بين النظرية والبحث /
_cحمدى على الفرماوى
300 _a219 ص
490 _a
650 0 4 _aعلم النفس التربوى
650 0 4 _aالذكاء
650 0 4 _aالمعرفة
650 0 4 _aالتربية - نظريات
942 _2ddc
_cBK
999 _c37890
_d37890